اكتمل التصدير — 

Azolla utilization: Proceedings of the workshop on azolla use

محفوظ في:
التفاصيل البيبلوغرافية
المؤلف الرئيسي: IRRI
التنسيق: كتاب
اللغة:Undetermined
منشور في: Philippines IRRI 1987
الموضوعات:
الوسوم: إضافة وسم
لا توجد وسوم, كن أول من يضع وسما على هذه التسجيلة!
Thư viện lưu trữ: Trung tâm Học liệu Trường Đại học Cần Thơ
LEADER 00474nam a2200181Ia 4500
001 CTU_8908
008 210402s9999 xx 000 0 und d
082 |a 589.4 
082 |b I42 
100 |a IRRI 
245 0 |a Azolla utilization: Proceedings of the workshop on azolla use 
245 0 |c IRRI 
260 |a Philippines 
260 |b IRRI 
260 |c 1987 
650 |a phytoplankton 
904 |i Minh, 960921 
980 |a Trung tâm Học liệu Trường Đại học Cần Thơ